[Event "Mzuzu qual North"]
[White "Phiri, Patrick"]
[Black "Mhango, Adrian"]
[Site "Mzuzu"]
[Round "1.9"]
[Result "0-1"]
[Date "2015.05.24"]
[WhiteElo "1352"]
[BlackElo "1634"]
[PlyCount "70"]
[EventDate "2015.05.23"]
[EventType "swiss"]
[EventRounds "8"]
[EventCountry "MWI"]
[SourceTitle "EXT 2024"]
[Source "ChessBase"]
[SourceDate "2023.10.10"]
[SourceVersion "1"]
[SourceVersionDate "2023.10.10"]
[SourceQuality "1"]

1. e4 e5 2. Nf3 Nc6 3. Bc4 Bc5 4. c3 d6 5. d4 exd4 6. cxd4 Bb6 7. a3 Nf6 8. Nc3 h6 9. Bb5 Bd7 10. 0-0 0-0 11. Bc4 Bg4 12. Be3 Ne7 13. h3 Bh5 14. Bf4 Ng6 15. Bg3 Bxf3 16. Qxf3 Bxd4 17. Nd5 Nxd5 18. Bxd5 Be5 19. Rab1 Bxg3 20. Qxg3 Ne5 21. f4 Nd7 22. Bxb7 Rb8 23. Bd5 Qf6 24. h4 Qd4+ 25. Kh1 Nb6 26. Rbd1 Qf6 27. e5 Qf5 28. Ba2 Rfd8 29. Bb1 Qe6 30. Rfe1 d5 31. f5 Qe8 32. f6 g6 33. Bxg6 fxg6 34. e6 Kh7 35. f7 Qe7 0-1